书目信息 |
| 题名: |
意象探源
|
|
| 作者: | 汪裕雄 | |
| 分册: | ||
| 出版信息: | 合肥 安徽教育出版社 1996 |
|
| 页数: | 418页 | |
| 开本: | 20cm | |
| 丛书名: | ||
| 单 册: | ||
| 中图分类: | B262 | |
| 科图分类: | ||
| 主题词: | 哲学--中国--现代 | |
| 电子资源: | ||
| ISBN: | 7-5336-1703-7 | |
| 000 | 00497nam0 2200181 450 | |
| 001 | 0728815141 | |
| 005 | 20070819080015.14 | |
| 010 | @a7-5336-1703-7@d¥16.00 | |
| 100 | @a20070819d km y0chiy0120 ea | |
| 101 | 0 | @achi |
| 200 | 1 | @a意象探源@Ayi xiang tan yuan@f汪裕雄@Fwang yu xiong |
| 210 | @a合肥@c安徽教育出版社@d1996 | |
| 215 | @a418页@d20cm | |
| 606 | 0 | @a哲学@x中国@x现代 |
| 690 | @aB262@v3 | |
| 701 | 0 | @a汪裕雄@Awang yu xiong |
| 801 | 0 | @aCN@bPFT@c20070819 |
| 905 | @a213230@dB262@eZW251@f1 | |
| 意象探源/汪裕雄.-合肥:安徽教育出版社,1996 |
| 418页;20cm |
| ISBN 7-5336-1703-7:¥16.00 |
| ● |
| 相关链接 |
|
|
|
|
正题名:意象探源
索取号:B262/ZW251
 
预约/预借
| 序号 | 登录号 | 条形码 | 馆藏地/架位号 | 状态 | 备注 |
| 1 | 7600391 | 276003913 | 密集书库-资源管理系/ [索取号:B262/ZW251] | 在馆 |